000 00754nam a2200265Ia 4500
003 OSt
005 20221006144912.0
006 a|||||r|||| 00| 0
007 ta
008 221006b |||||||| |||| 00| 0 eng d
020 _c30.00
024 _a13,125
037 _cTextual
040 _aEASL
_cEASL
_beng
041 _2eng
_aeng
082 _aV41:8-19.43.N62<-N49, K4
100 _aAMBEKAR G V Ed.
_9477653
245 0 _aDocuments on Chinas realtions with South and South-East Asia
260 _aBomaby
_bAllied Pub.
_c1964
300 _a491p.
_ccm.
490 _v CEL
700 _a DIVEKAR V D Ed.
942 _hV41:8-19.43.N62<-N49, K4
_cTEXL
_2CC
999 _c1081211
_d1081211